a szabadságot védelmezem - mondja Mario Vargas Llosa

Elmentve itt :
Bibliográfiai részletek
Szerző: INOTAI Edit
Adatforrás:Meister
Forrásdokumentuma:A Hét. -
16 sz., 1998, 12 p.
Nyelv:magyar
Kulcsszavak:irodalomtörténet-interjú
VARGAS LLIOSA Mario
LEADER 00385nab a2200133 i 4500
001 bibPRO00007449
008 060524s1998 xx hun
040 |a Sz1 
041 |a hun 
100 1 |a INOTAI Edit 
245 1 2 |a a szabadságot védelmezem - mondja Mario Vargas Llosa  |c INOTAI Edit 
695 |a irodalomtörténet-interjú 
695 |a VARGAS LLIOSA Mario 
773 0 |t A Hét. -  |g 16 sz., 1998, 12 p.